000 00420nam a2200145Ia 4500
008 151021s9999 xx 000 0 und d
020 _a9.7805217125e+012
050 _aPR 605 .P67 B75 2009
245 _a_Contemporary poetry:poets and poetry since 1990 Ian Brinton
260 _aNew york Cambridge 2009
300 _a128p.
500 _aIncludes Index
650 _a_poetry
980 _a^d20120807 10:17:17^okorir
999 _c6998
_d6998